[Event "CZE Junior Championship"]
[Site "Kunzak"]
[Date "2002.02.13"]
[Round "6"]
[White "Dvorak, Tomas"]
[Black "Kanovsky, David"]
[Result "1/2-1/2"]
[WhiteElo "2267"]
[BlackElo "2252"]
[PlyCount "87"]
[EventDate "2002.02.08"]

1. e4 e6 2. d4 d5 3. Nc3 Bb4 4. e5 c5 5. a3 Bxc3+ 6. bxc3 Ne7 7. Qg4 Qc7 8.
Qxg7 Rg8 9. Qxh7 cxd4 10. Ne2 Nbc6 11. f4 Bd7 12. Qd3 dxc3 13. Nxc3 a6 14. Rb1
Na5 15. h4 Nf5 16. Rh3 O-O-O 17. h5 Bc6 18. h6 Rg6 19. h7 Rh8 20. Ne2 d4 21.
Nxd4 Nxd4 22. Qxd4 Bxg2 23. Bxg2 Rxg2 24. Qe4 Rg7 25. Be3 Qc6 26. Qxc6+ Nxc6
27. Ke2 Rhxh7 28. Rxh7 Rxh7 29. Kd3 Ne7 30. Rg1 Rh3 31. Ke4 Kc7 32. c4 Nf5 33.
Re1 Kc6 34. Kd3 Rh2 35. Rc1 Nxe3 36. Kxe3 Rh3+ 37. Kd4 Rf3 38. Ke4 Rxa3 39. Rg1
Ra4 40. Rg7 Rxc4+ 41. Ke3 b5 42. Rxf7 Kb6 43. Rf6 b4 44. Rxe6+ 1/2-1/2

[Event "CZE Junior Championship"]
[Site "Kunzak"]
[Date "2002.02.13"]
[Round "6"]
[White "Jirka, Jiri"]
[Black "Bernard, Borek"]
[Result "1-0"]
[WhiteElo "2339"]
[BlackElo "2347"]
[PlyCount "85"]
[EventDate "2002.02.08"]

1. d4 Nf6 2. c4 e5 3. dxe5 Ng4 4. Bf4 g5 5. Bg3 Nc6 6. Nf3 Bg7 7. Nc3 Ngxe5 8.
Nxe5 Nxe5 9. e3 d6 10. c5 O-O 11. cxd6 cxd6 12. Be2 Be6 13. O-O f5 14. Qd2 Qe7
15. Rad1 Rad8 16. Nd5 Qf7 17. f4 gxf4 18. exf4 Nc6 19. Bf2 Kh8 20. b3 b6 21.
Bf3 Rc8 22. Rfe1 Rfe8 23. h3 Qd7 24. Nb4 Nxb4 25. Qxb4 Bg8 26. Rxe8 Qxe8 27.
Qxd6 Rc2 28. Qd8 Qxd8 29. Rxd8 Bf6 30. Ra8 Rc7 31. Bd5 Rg7 32. Bxg8 Rxg8 33.
Rxa7 Rb8 34. Ra6 Bd8 35. Bd4+ Kg8 36. Ra7 h6 37. Rg7+ Kf8 38. Rh7 Ke8 39. Rxh6
Kd7 40. Be5 Rc8 41. Rd6+ Ke8 42. Rd2 Bh4 43. Kh2 1-0

[Event "CZE Junior Championship"]
[Site "Kunzak"]
[Date "2002.02.13"]
[Round "6"]
[White "Ciprys, Martin"]
[Black "Cernousek, Lukas"]
[Result "0-1"]
[WhiteElo "2111"]
[BlackElo "2270"]
[PlyCount "100"]
[EventDate "2002.02.08"]

1. e4 c5 2. Nf3 d6 3. d4 cxd4 4. Nxd4 Nf6 5. Nc3 g6 6. Be3 Bg7 7. f3 O-O 8. Qd2
Nc6 9. Bc4 Bd7 10. O-O-O Qa5 11. Bb3 Rfc8 12. Kb1 Ne5 13. h4 b5 14. Ncxb5 Qxd2
15. Rxd2 Rab8 16. a4 a6 17. Na3 Be8 18. Bg5 h5 19. Ka2 Kf8 20. Rf1 Ned7 21. Bc4
Nc5 22. a5 Nfd7 23. c3 Ne5 24. Be2 f6 25. Be3 Bf7+ 26. c4 Nb7 27. b4 Nxc4 28.
Nxc4 Rxc4 29. Ka1 Rxb4 30. Rb2 Nxa5 31. Rxb4 Rxb4 32. Rb1 Ra4+ 33. Kb2 Nc4+ 34.
Bxc4 Rxc4 35. Rc1 e5 36. Nc6 Rxc1 37. Kxc1 d5 38. exd5 Bxd5 39. Bc5+ Kf7 40.
Nb4 Bb7 41. Nc2 Bf8 42. Be3 Ke6 43. Kd2 a5 44. Kd3 Be7 45. Na1 Bd5 46. Ke2 Bc4+
47. Kf2 a4 48. f4 exf4 49. Bxf4 Bc5+ 50. Kf3 Bd5+ 0-1

[Event "CZE Junior Championship"]
[Site "Kunzak"]
[Date "2002.02.14"]
[Round "7"]
[White "Cernousek, Lukas"]
[Black "Londyn, Radek"]
[Result "0-1"]
[WhiteElo "2270"]
[BlackElo "2138"]
[PlyCount "188"]
[EventDate "2002.02.08"]

1. e4 e6 2. d4 d5 3. exd5 exd5 4. c4 dxc4 5. Bxc4 Bd6 6. Nc3 Nf6 7. Nge2 O-O 8.
O-O Nc6 9. a3 a6 10. Ba2 Bf5 11. d5 Ne5 12. Nd4 Bg6 13. Bg5 Nd3 14. Qd2 h6 15.
Be3 Ng4 16. h3 Nxe3 17. fxe3 Qg5 18. Nf3 Qe7 19. e4 Ne5 20. Nd4 Qh4 21. Rae1
Rae8 22. Bb3 Qg3 23. Qe3 Qxe3+ 24. Rxe3 Bc5 25. Rd1 Kh8 26. Kh1 f6 27. Ree1
Bxd4 28. Rxd4 Nf7 29. Bc2 Nd6 30. Bb1 Re5 31. Rd2 Rfe8 32. Rde2 Bh7 33. Bd3 g5
34. g3 Kg7 35. Kh2 f5 36. exf5 Rxe2+ 37. Rxe2 Rxe2+ 38. Bxe2 Bxf5 39. h4 Kf6
40. hxg5+ hxg5 41. Kg2 Ke5 42. Kf3 Kd4 43. Bf1 a5 44. Be2 b6 45. Ba6 Bd7 46.
Be2 Nf7 47. Nb5+ Bxb5 48. Bxb5 Ne5+ 49. Ke2 Nc4 50. Bxc4 Kxc4 51. Kf3 Kxd5 52.
Kg4 Kc4 53. Kxg5 Kb3 54. Kf5 Kxb2 55. g4 c5 56. g5 c4 57. g6 c3 58. g7 c2 59.
g8=Q c1=Q 60. Qg3 Qc5+ 61. Kg6 Qc6+ 62. Kh5 Qd5+ 63. Kh6 Qe6+ 64. Kh7 a4 65.
Qd3 Qb3 66. Qd6 Ka2 67. Kh6 b5 68. Qc5 Qc4 69. Qd6 Qc1+ 70. Kh5 Qxa3 71. Qd2+
Qb2 72. Qd5+ Qb3 73. Qd2+ Ka3 74. Qc1+ Kb4 75. Qd2+ Qc3 76. Qf4+ Qc4 77. Qd2+
Kc5 78. Qe3+ Qd4 79. Qe7+ Qd6 80. Qe3+ Kc6 81. Qe8+ Kb6 82. Kh4 Qd4+ 83. Kh5
Qd5+ 84. Kh4 a3 85. Qb8+ Ka5 86. Qa7+ Kb4 87. Qe7+ Qc5 88. Qe1+ Qc3 89. Qb1+
Ka5 90. Qh7 Qc4+ 91. Kh5 a2 92. Qa7+ Kb4 93. Qg7 Qe2+ 94. Qg4+ Qxg4+ 0-1

[Event "CZE Junior Championship"]
[Site "Kunzak"]
[Date "2002.02.14"]
[Round "7"]
[White "Bernard, Borek"]
[Black "Ciprys, Martin"]
[Result "1-0"]
[WhiteElo "2347"]
[BlackElo "2111"]
[PlyCount "125"]
[EventDate "2002.02.08"]

1. e4 c5 2. Nf3 Nc6 3. d4 cxd4 4. Nxd4 Nf6 5. Nc3 e5 6. Ndb5 d6 7. Bg5 a6 8.
Na3 b5 9. Nd5 Qa5+ 10. Bd2 Qd8 11. Bg5 Qa5+ 12. Bd2 Qd8 13. Nxf6+ Qxf6 14. Bd3
Be7 15. O-O O-O 16. c3 Qh4 17. f4 Kh8 18. f5 Bg5 19. Bxg5 Qxg5 20. Nc2 d5 21.
exd5 Ne7 22. Qf3 Bb7 23. Be4 Rad8 24. Rad1 Rd6 25. a4 g6 26. Ne3 gxf5 27. Nxf5
Nxf5 28. Bxf5 Rg8 29. Be4 Bc8 30. Qg3 Qh5 31. Bf3 Qf5 32. Qh4 Qg6 33. Qe4 Qg5
34. Rf2 Qg7 35. Re1 f6 36. axb5 axb5 37. Qb4 Qd7 38. Be4 Qd8 39. Qxb5 f5 40.
Bxf5 Rxd5 41. Qe2 Bxf5 42. Rxf5 Qd6 43. Rf2 Qb6 44. Kh1 e4 45. h3 Re8 46. Qe3
Qg6 47. Rd2 Rg5 48. Rde2 Rd5 49. Qf4 Rf5 50. Qd2 Rfe5 51. Qd4 Kg8 52. b4 h5 53.
c4 h4 54. c5 Rf5 55. Qc4+ Kh7 56. Rxe4 Rxe4 57. Rxe4 Qf6 58. Rxh4+ Kg7 59. Rg4+
Kh6 60. Qd4 Rf1+ 61. Kh2 Qf7 62. Qh8+ Qh7 63. Rh4+ 1-0

[Event "CZE Junior Championship"]
[Site "Kunzak"]
[Date "2002.02.14"]
[Round "7"]
[White "Kanovsky, David"]
[Black "Jirka, Jiri"]
[Result "1-0"]
[WhiteElo "2252"]
[BlackElo "2339"]
[PlyCount "71"]
[EventDate "2002.02.08"]

1. e4 e5 2. Nf3 Nc6 3. Bb5 Nd4 4. Nxd4 exd4 5. O-O Bc5 6. Bc4 h5 7. b4 Bb6 8.
d3 Ne7 9. Re1 d6 10. Bb2 Ng6 11. a4 a5 12. c3 dxc3 13. Nxc3 Bd4 14. Qd2 Ne5 15.
Nd5 Bxb2 16. Qxb2 c6 17. f4 cxd5 18. Bb5+ Bd7 19. fxe5 Bxb5 20. axb5 O-O 21.
exd6 Qb6+ 22. Qf2 Qxb5 23. Qc5 Qxd3 24. exd5 a4 25. d7 a3 26. h3 a2 27. Rxa2
Rad8 28. Rae2 Qf5 29. Re7 Rxd7 30. Rxd7 Qxd7 31. Re7 Qf5 32. d6 Qb1+ 33. Kh2
Qf1 34. d7 Qf4+ 35. Kg1 Qf5 36. Qxf5 1-0

[Event "CZE Junior Championship"]
[Site "Kunzak"]
[Date "2002.02.14"]
[Round "7"]
[White "Bernasek, Jan"]
[Black "Dvorak, Tomas"]
[Result "0-1"]
[WhiteElo "2259"]
[BlackElo "2267"]
[PlyCount "70"]
[EventDate "2002.02.08"]

1. d4 Nf6 2. c4 g6 3. g3 Bg7 4. Bg2 d5 5. cxd5 Nxd5 6. e4 Nb6 7. Ne2 c5 8. d5
O-O 9. O-O e6 10. Nec3 exd5 11. exd5 Na6 12. a4 Nb4 13. Na3 Bf5 14. Be3 Rc8 15.
Qd2 Bd3 16. Rfe1 Re8 17. Rad1 Qd7 18. b3 c4 19. bxc4 Nxc4 20. Nxc4 Bxc4 21. Bh6
Bxh6 22. Rxe8+ Qxe8 23. Qxh6 Qe5 24. Ne4 Nxd5 25. f4 Qb2 26. Nd6 Qb6+ 27. Kh1
Qxd6 28. f5 Qe5 29. g4 Nf6 30. h3 Bd5 31. Bxd5 Nxd5 32. Qd2 Qe4+ 33. Kh2 Ne3
34. Re1 Rc2 35. Qxc2 Qxc2+ 0-1

[Event "CZE Junior Championship"]
[Site "Kunzak"]
[Date "2002.02.14"]
[Round "7"]
[White "Vaculik, Martin"]
[Black "Laznicka, Viktor"]
[Result "1/2-1/2"]
[WhiteElo "2234"]
[BlackElo "2164"]
[PlyCount "55"]
[EventDate "2002.02.08"]

1. e4 e6 2. d4 d5 3. Nc3 Nf6 4. Bg5 Bb4 5. e5 h6 6. Bd2 Bxc3 7. bxc3 Ne4 8. Qg4
g6 9. Bd3 Nxd2 10. Kxd2 c5 11. Nf3 Nc6 12. Qf4 Qa5 13. Rhb1 cxd4 14. Nxd4 Nxd4
15. Qxd4 b6 16. Rb5 Qa3 17. Rb4 Bd7 18. h4 Rc8 19. h5 g5 20. g4 Rg8 21. Rf1
Qxa2 22. f4 Qa5 23. fxg5 hxg5 24. Rf6 Rc5 25. h6 Ke7 26. Rb1 Rh8 27. Rbf1 Be8
28. Rb1 1/2-1/2

[Event "CZE Junior Championship"]
[Site "Kunzak"]
[Date "2002.02.15"]
[Round "8"]
[White "Londyn, Radek"]
[Black "Laznicka, Viktor"]
[Result "0-1"]
[WhiteElo "2138"]
[BlackElo "2164"]
[PlyCount "42"]
[EventDate "2002.02.08"]

1. e4 e6 2. d3 d5 3. Qe2 Nf6 4. Nf3 Be7 5. g3 c5 6. Bg2 Nc6 7. O-O b6 8. e5 Nd7
9. h4 Bb7 10. Bf4 h6 11. h5 Qc7 12. c4 d4 13. a3 g5 14. hxg6 fxg6 15. b4 g5 16.
b5 gxf4 17. bxc6 Bxc6 18. gxf4 O-O-O 19. Ne1 Rhg8 20. Kh2 Rdf8 21. Rg1 Rxf4 0-1

[Event "CZE Junior Championship"]
[Site "Kunzak"]
[Date "2002.02.15"]
[Round "8"]
[White "Mach, Petr"]
[Black "Vaculik, Martin"]
[Result "1/2-1/2"]
[WhiteElo "2258"]
[BlackElo "2234"]
[PlyCount "46"]
[EventDate "2002.02.08"]

1. e4 e6 2. d3 d5 3. Nd2 Nf6 4. Ngf3 c5 5. g3 Nc6 6. Bg2 Be7 7. O-O b6 8. Re1
Bb7 9. exd5 exd5 10. Nf1 O-O 11. c3 Re8 12. h4 d4 13. c4 h6 14. N1h2 Qd7 15.
Bd2 Bd6 16. Rxe8+ Rxe8 17. Qf1 a5 18. Re1 Rxe1 19. Nxe1 Bc8 20. Qe2 Ne5 21. Bf4
Ng6 22. Bxd6 Qxd6 23. f4 Ne7 1/2-1/2

[Event "CZE Junior Championship"]
[Site "Kunzak"]
[Date "2002.02.15"]
[Round "8"]
[White "Jirka, Jiri"]
[Black "Bernasek, Jan"]
[Result "1-0"]
[WhiteElo "2339"]
[BlackElo "2259"]
[PlyCount "61"]
[EventDate "2002.02.08"]

1. d4 Nf6 2. c4 e6 3. g3 Bb4+ 4. Bd2 Qe7 5. Bg2 O-O 6. Nc3 Nc6 7. a3 Bxc3 8.
Bxc3 d6 9. e3 e5 10. d5 Nb8 11. Ne2 Bf5 12. f3 Nbd7 13. e4 Bg6 14. g4 h5 15.
Ng3 h4 16. Nf1 h3 17. Bxh3 Nxe4 18. fxe4 Qh4+ 19. Ng3 Qxh3 20. Qe2 Nc5 21.
O-O-O b5 22. cxb5 a6 23. Rhg1 Na4 24. Rd3 Nxc3 25. Rxc3 Qh4 26. bxa6 Rfb8 27.
Rc6 Rb3 28. Kb1 Rab8 29. Ka1 Kh7 30. a7 Ra8 31. Rxc7 1-0

[Event "CZE Junior Championship"]
[Site "Kunzak"]
[Date "2002.02.15"]
[Round "8"]
[White "Ciprys, Martin"]
[Black "Kanovsky, David"]
[Result "1/2-1/2"]
[WhiteElo "2111"]
[BlackElo "2252"]
[PlyCount "87"]
[EventDate "2002.02.08"]

1. e4 e6 2. d4 d5 3. Nc3 Bb4 4. e5 c5 5. a3 Bxc3+ 6. bxc3 Ne7 7. Qg4 Qc7 8.
Qxg7 Rg8 9. Qxh7 cxd4 10. Qd3 Qxe5+ 11. Ne2 dxc3 12. f4 Qc7 13. Nxc3 Bd7 14.
Rb1 a6 15. Bd2 Nbc6 16. Na4 Ne5 17. Qc3 Qxc3 18. Bxc3 Bxa4 19. Bxe5 Bxc2 20.
Rxb7 Be4 21. Rg1 Nc6 22. Bd6 Rd8 23. Bc5 Rb8 24. Bxa6 Rxb7 25. Bxb7 Kd7 26. g3
Rb8 27. Bxc6+ Kxc6 28. Bb4 Kb5 29. Kd2 Rc8 30. Rc1 Rxc1 31. Kxc1 Bf5 32. Kd2 d4
33. h4 Kc4 34. h5 f6 35. Be7 e5 36. Bxf6 e4 37. Be7 e3+ 38. Ke1 d3 39. Bb4 Bg4
40. Bd2 exd2+ 41. Kxd2 Bxh5 42. f5 Bg4 43. f6 Bh5 44. g4 1/2-1/2

[Event "CZE Junior Championship"]
[Site "Kunzak"]
[Date "2002.02.15"]
[Round "8"]
[White "Cernousek, Lukas"]
[Black "Bernard, Borek"]
[Result "1/2-1/2"]
[WhiteElo "2270"]
[BlackElo "2347"]
[PlyCount "39"]
[EventDate "2002.02.08"]

1. e4 e5 2. Nf3 Nc6 3. Nc3 Nf6 4. d4 exd4 5. Nd5 h6 6. Bf4 d6 7. Nxd4 Be7 8.
Nb5 Nxd5 9. exd5 Ne5 10. Qd2 O-O 11. O-O-O Bf5 12. Kb1 Bf6 13. Nd4 Be4 14. Nb3
Bg6 15. Be2 Qd7 16. h4 a5 17. Rdg1 a4 18. Nc1 b5 19. Bxe5 dxe5 20. g4 1/2-1/2

[Event "CZE Junior Championship"]
[Site "Kunzak"]
[Date "2002.02.16"]
[Round "9"]
[White "Bernard, Borek"]
[Black "Londyn, Radek"]
[Result "1/2-1/2"]
[WhiteElo "2347"]
[BlackElo "2138"]
[PlyCount "55"]
[EventDate "2002.02.08"]

1. e4 e6 2. d4 d5 3. Nd2 Be7 4. c3 c5 5. exd5 exd5 6. Ngf3 Nf6 7. dxc5 Bxc5 8.
Nb3 Be7 9. Be2 O-O 10. O-O Nc6 11. Nbd4 h6 12. Bf4 Bd7 13. Re1 a6 14. Qc2 Rc8
15. Nxc6 Bxc6 16. Nd4 Bd7 17. Rad1 Bc5 18. Bf3 Re8 19. Rxe8+ Qxe8 20. h3 Ne4
21. Qe2 g5 22. Bh2 Qe7 23. c4 Qf6 24. cxd5 Bxd4 25. Bxe4 Re8 26. Qf3 Bxb2 27.
Qxf6 Bxf6 28. f3 1/2-1/2

[Event "CZE Junior Championship"]
[Site "Kunzak"]
[Date "2002.02.16"]
[Round "9"]
[White "Kanovsky, David"]
[Black "Cernousek, Lukas"]
[Result "0-1"]
[WhiteElo "2252"]
[BlackElo "2270"]
[PlyCount "100"]
[EventDate "2002.02.08"]

1. b3 e5 2. Bb2 d6 3. e3 g6 4. d4 Nd7 5. Nf3 Bg7 6. c4 Ngf6 7. Nc3 O-O 8. Be2
Re8 9. Qc2 exd4 10. exd4 d5 11. O-O dxc4 12. bxc4 c5 13. d5 Nb6 14. Bd3 Bg4 15.
Nd2 Nc8 16. h3 Bd7 17. Nce4 b6 18. Rae1 Nxe4 19. Nxe4 f5 20. Bxg7 Kxg7 21. Qb2+
Kf7 22. f3 Qe7 23. g4 fxe4 24. fxe4+ Kg8 25. e5 Rf8 26. Rxf8+ Qxf8 27. Rf1 Qe7
28. Rf6 Be8 29. Be4 Rb8 30. d6 Nxd6 31. Rxd6 Bf7 32. Bd5 Bxd5 33. cxd5 Rf8 34.
Qe2 Qf7 35. Kg2 Qf4 36. Rd7 h5 37. gxh5 Qg5+ 38. Kh1 Qc1+ 39. Kg2 Qg5+ 40. Kh2
Qf4+ 41. Kg2 Qg5+ 42. Kh2 Qf4+ 43. Kg2 Rf5 44. Rd8+ Kg7 45. h6+ Kh7 46. e6 Rg5+
47. Qg4 Rxg4+ 48. hxg4 Kxh6 49. Rd7 Kg5 50. Kh1 Kxg4 0-1

[Event "CZE Junior Championship"]
[Site "Kunzak"]
[Date "2002.02.16"]
[Round "9"]
[White "Bernasek, Jan"]
[Black "Ciprys, Martin"]
[Result "1-0"]
[WhiteElo "2259"]
[BlackElo "2111"]
[PlyCount "105"]
[EventDate "2002.02.08"]

1. d4 d5 2. c4 e6 3. Nf3 Nf6 4. g3 Nbd7 5. Bg2 c6 6. Nbd2 Bd6 7. O-O h5 8. Qc2
Nf8 9. e4 dxe4 10. Nxe4 Nxe4 11. Qxe4 Ng6 12. b3 Qc7 13. Bb2 Bd7 14. d5 O-O-O
15. Nd4 exd5 16. cxd5 Rhe8 17. Qd3 Ne5 18. Qd2 Kb8 19. dxc6 Bxc6 20. Nxc6+ Nxc6
21. Qg5 g6 22. Rac1 Qa5 23. Qxa5 Nxa5 24. Bf6 Rc8 25. Rxc8+ Kxc8 26. Bd5 Kd7
27. Bc3 Nc6 28. Bxf7 Re2 29. Bxg6 h4 30. gxh4 Ne5 31. h5 Ke6 32. Bb1 Bf8 33.
Kg2 Bh6 34. Re1 Rxe1 35. Bxe1 Nd7 36. Kf3 Nf6 37. Bg6 b6 38. Bc3 Nd7 39. Bd4
Kd5 40. Be3 Ne5+ 41. Ke2 Bf8 42. f3 Ke6 43. f4 Ng4 44. f5+ Ke5 45. Bc1 Nh6 46.
Bb2+ Ke4 47. f6+ Kd5 48. h3 Ke6 49. Bd3 Bc5 50. Kf3 a5 51. Ke4 a4 52. Bc4+ Kd6
53. Bc1 1-0

[Event "CZE Junior Championship"]
[Site "Kunzak"]
[Date "2002.02.16"]
[Round "9"]
[White "Vaculik, Martin"]
[Black "Dvorak, Tomas"]
[Result "1/2-1/2"]
[WhiteElo "2234"]
[BlackElo "2267"]
[PlyCount "57"]
[EventDate "2002.02.08"]

1. e4 c5 2. Nc3 a6 3. d3 b5 4. g3 Bb7 5. Bg2 e6 6. f4 d5 7. e5 Ne7 8. Nf3 h5 9.
h3 Nf5 10. Ne2 Nc6 11. O-O Be7 12. a4 Qc7 13. c3 b4 14. d4 bxc3 15. bxc3 cxd4
16. cxd4 Nb4 17. Bd2 a5 18. g4 Nh6 19. Nh2 Ba6 20. Rc1 Qb6 21. Be3 hxg4 22.
hxg4 f5 23. exf6 gxf6 24. Rf3 Kd7 25. Nc3 Rag8 26. Rh3 Nf7 27. Rxh8 Rxh8 28. f5
Bc4 29. Qf3 1/2-1/2

[Event "CZE Junior Championship"]
[Site "Kunzak"]
[Date "2002.02.16"]
[Round "9"]
[White "Laznicka, Viktor"]
[Black "Mach, Petr"]
[Result "0-1"]
[WhiteElo "2164"]
[BlackElo "2258"]
[PlyCount "88"]
[EventDate "2002.02.08"]

1. e4 d5 2. exd5 Nf6 3. d4 Nxd5 4. Nf3 g6 5. Be2 Bg7 6. c4 Nb6 7. O-O O-O 8.
Nc3 c6 9. h3 N8d7 10. Bf4 Nf6 11. Re1 Nh5 12. Bh2 f5 13. Qb3 f4 14. Rad1 Kh8
15. Ne5 Qe8 16. Bf3 Nd7 17. Nxd7 Qxd7 18. Re4 Nf6 19. Re5 Ng8 20. Re4 g5 21. d5
Qc7 22. c5 Bf5 23. Rb4 Rab8 24. Be4 Bxe4 25. Nxe4 h6 26. d6 Qd7 27. dxe7 Qxe7
28. Nd6 Nf6 29. h4 Nd5 30. Re4 Qd7 31. Rde1 b6 32. Re6 g4 33. Qd1 Ne3 34. fxe3
Qxe6 35. exf4 Qd5 36. Qxd5 cxd5 37. c6 Bd4+ 38. Kh1 Rbd8 39. f5 Bc5 40. c7 Rxd6
41. Re7 Rdf6 42. Rd7 Rxf5 43. Rd8 Rf1+ 44. Bg1 g3 0-1

[Event "CZE Junior Championship"]
[Site "Kunzak"]
[Date "2002.02.17"]
[Round "10"]
[White "Londyn, Radek"]
[Black "Mach, Petr"]
[Result "1-0"]
[WhiteElo "2138"]
[BlackElo "2258"]
[PlyCount "67"]
[EventDate "2002.02.08"]

1. c4 e5 2. Nc3 Nc6 3. g3 g6 4. Bg2 Bg7 5. Nf3 f5 6. d3 Nf6 7. O-O O-O 8. Rb1
a5 9. a3 d6 10. b4 axb4 11. axb4 Nh5 12. Nd5 f4 13. b5 Ne7 14. Ng5 Kh8 15. Ne4
g5 16. e3 g4 17. f3 Nxd5 18. cxd5 fxg3 19. hxg3 gxf3 20. Rxf3 Nf6 21. Nf2 Rg8
22. e4 Qe8 23. Bh3 Ra2 24. Bxc8 Qxc8 25. Qb3 Ra8 26. Rf5 c6 27. dxc6 bxc6 28.
b6 Rb8 29. b7 Qe8 30. Qd1 Qd7 31. Qf3 Rxb7 32. Rxb7 Qxb7 33. Kg2 Qb3 34. Rxf6
1-0

[Event "CZE Junior Championship"]
[Site "Kunzak"]
[Date "2002.02.17"]
[Round "10"]
[White "Dvorak, Tomas"]
[Black "Laznicka, Viktor"]
[Result "1/2-1/2"]
[WhiteElo "2267"]
[BlackElo "2164"]
[PlyCount "108"]
[EventDate "2002.02.08"]

1. e4 e6 2. d4 d5 3. Nc3 Nf6 4. Bg5 Bb4 5. e5 h6 6. Bh4 g5 7. Bg3 Ne4 8. Nge2
c5 9. a3 Bxc3+ 10. Nxc3 Qa5 11. Qd3 Nc6 12. dxc5 Bd7 13. O-O-O Nxc3 14. Qxc3
Qxc3 15. bxc3 Ke7 16. f3 Rac8 17. h4 a6 18. c4 dxc4 19. Bxc4 Na5 20. Bd3 Bb5
21. Bf2 Nc6 22. Rde1 Rhg8 23. hxg5 hxg5 24. Bxb5 axb5 25. Rh5 Ke8 26. Re4 Ra8
27. Rg4 Nxe5 28. Rgxg5 Rxg5 29. Rxg5 Ng6 30. Kb2 Ke7 31. Bg3 Rh8 32. Rg4 Rh5
33. Bd6+ Kd7 34. Rb4 b6 35. Rxb5 bxc5 36. Rxc5 Rxc5 37. Bxc5 Nh4 38. Bf2 Nxg2
39. Kc3 Nf4 40. a4 Kc6 41. Kd4 Ne2+ 42. Ke5 Nc3 43. a5 Nd5 44. a6 Nb4 45. a7
Kb7 46. Kd6 Nxc2 47. Kc5 Kxa7 48. Kc4+ Ka6 49. Kb3 Na1+ 50. Kb2 Kb5 51. Kxa1
Kc4 52. Kb2 Kd3 53. Bb6 e5 54. Kc1 Ke2 1/2-1/2

[Event "CZE Junior Championship"]
[Site "Kunzak"]
[Date "2002.02.17"]
[Round "10"]
[White "Jirka, Jiri"]
[Black "Vaculik, Martin"]
[Result "1-0"]
[WhiteElo "2339"]
[BlackElo "2234"]
[PlyCount "101"]
[EventDate "2002.02.08"]

1. d4 e6 2. c4 c5 3. d5 exd5 4. cxd5 d6 5. Nc3 Ne7 6. e4 Ng6 7. f4 Be7 8. Nf3
Bf6 9. Be2 O-O 10. O-O Re8 11. Nd2 a6 12. a4 Bd4+ 13. Kh1 Qf6 14. Nc4 Nd7 15.
Bd3 Ndf8 16. e5 dxe5 17. f5 Nf4 18. Ne4 Qxf5 19. Ncd6 Qg6 20. Bxf4 exf4 21.
Nxe8 Bg4 22. N4f6+ gxf6 23. Bxg6 Bxd1 24. Bxf7+ Kxf7 25. Nd6+ Kg6 26. Raxd1 b6
27. b4 Rd8 28. bxc5 bxc5 29. Ne4 f5 30. Nf2 Rxd5 31. Nd3 Ne6 32. Nxf4+ Nxf4 33.
Rxf4 Re5 34. Rdf1 Be3 35. Rc4 Bd4 36. Rc2 a5 37. g3 Re3 38. Rcf2 Ra3 39. Rxf5
Rxa4 40. h4 Rb4 41. Rg5+ Kh6 42. Rf7 Rb6 43. Ra7 c4 44. Rc7 c3 45. Rxa5 Rg6 46.
Rd5 Bf2 47. h5 Rxg3 48. Rc6+ Kg7 49. h6+ Kg8 50. Rd7 Rf3 51. Rc8+ 1-0

[Event "CZE Junior Championship"]
[Site "Kunzak"]
[Date "2002.02.17"]
[Round "10"]
[White "Cernousek, Lukas"]
[Black "Bernasek, Jan"]
[Result "1-0"]
[WhiteElo "2270"]
[BlackElo "2259"]
[PlyCount "82"]
[EventDate "2002.02.08"]

1. e4 e6 2. d4 c5 3. Nf3 a6 4. Nc3 cxd4 5. Nxd4 b5 6. g3 Bb7 7. Bg2 b4 8. Na4
Nf6 9. Qe2 Nc6 10. Be3 Be7 11. O-O O-O 12. c4 bxc3 13. Nxc3 d5 14. exd5 Nxd4
15. Bxd4 Nxd5 16. Rfd1 Bf6 17. Nxd5 exd5 18. b3 Bxd4 19. Rxd4 Re8 20. Qd2 Qf6
21. Rd1 Rad8 22. Bxd5 Bxd5 23. Rxd5 Rxd5 24. Qxd5 h6 25. Qd3 Qc6 26. b4 Re5 27.
a3 g6 28. h3 Kh7 29. Qb3 Qf6 30. Rd7 Kg7 31. Qd1 Qe6 32. Qd4 Kh7 33. Rxf7+ Qxf7
34. Qxe5 Qd7 35. Kh2 Qd2 36. Qe3 Qa2 37. Kg1 Qc4 38. Qc5 Qe4 39. Qa7+ Kg8 40.
Qxa6 Qe1+ 41. Kg2 Qe4+ 1-0

[Event "CZE Junior Championship"]
[Site "Kunzak"]
[Date "2002.02.17"]
[Round "10"]
[White "Bernard, Borek"]
[Black "Kanovsky, David"]
[Result "1/2-1/2"]
[WhiteElo "2347"]
[BlackElo "2252"]
[PlyCount "116"]
[EventDate "2002.02.08"]

1. e4 c5 2. b3 Nc6 3. Bb2 d6 4. f4 e6 5. Nf3 Nf6 6. Nc3 a6 7. a4 d5 8. e5 Nd7
9. Be2 b6 10. O-O Ne7 11. Bd3 g6 12. g4 h5 13. f5 hxg4 14. fxe6 fxe6 15. Nxd5
gxf3 16. Qxf3 Nf5 17. Nf6+ Nxf6 18. exf6 Kf7 19. Qxa8 Qc7 20. Qg2 Bb7 21. Qe2
Qc6 22. Be5 Bd6 23. Be4 Qxe4 24. Qxe4 Bxe4 25. Rxf5 exf5 26. Bxd6 Bxc2 27. a5
b5 28. Rc1 Rd8 29. Bf4 Bxb3 30. Rxc5 Bd5 31. Be5 Rd7 32. Bc3 Be4 33. Rc8 Ke6
34. Kf2 Kf7 35. Ke3 g5 36. Rh8 Ke6 37. Re8+ Kf7 38. Rh8 Ke6 39. Rg8 g4 40. Re8+
Kf7 41. Rh8 Kg6 42. Rg8+ Kf7 43. Rg7+ Ke6 44. Rxd7 Kxd7 45. d3 Bc6 46. Kf4 Ke6
47. f7 Kxf7 48. Kxf5 Bd7+ 49. Ke5 Ke7 50. Kd5 Kd8 51. Kd6 Kc8 52. d4 Be8 53.
Bb4 Bd7 54. d5 Be8 55. Bd2 Bd7 56. Ke7 Bf5 57. Kd6 Bd7 58. Kc5 Kb7 1/2-1/2

[Event "CZE Junior Championship"]
[Site "Kunzak"]
[Date "2002.02.18"]
[Round "11"]
[White "Kanovsky, David"]
[Black "Londyn, Radek"]
[Result "1-0"]
[WhiteElo "2252"]
[BlackElo "2138"]
[PlyCount "51"]
[EventDate "2002.02.08"]

1. e4 e6 2. d4 d5 3. Nd2 Be7 4. Bd3 c5 5. dxc5 Nc6 6. Ngf3 Nf6 7. O-O O-O 8. c3
Bxc5 9. e5 Nd7 10. Nb3 Be7 11. Re1 Qc7 12. Bf4 f6 13. exf6 Bd6 14. Bxh7+ Kxh7
15. Ng5+ Kg8 16. Nxe6 Bxf4 17. Nxc7 Bxc7 18. Qxd5+ Kh7 19. fxg7 Kxg7 20. Qg5+
Kf7 21. Qh5+ Kg7 22. Re6 Rf6 23. Nd4 Nce5 24. Re7+ Nf7 25. Ne6+ Kg8 26. Re8+
1-0

[Event "CZE Junior Championship"]
[Site "Kunzak"]
[Date "2002.02.18"]
[Round "11"]
[White "Bernasek, Jan"]
[Black "Bernard, Borek"]
[Result "1/2-1/2"]
[WhiteElo "2259"]
[BlackElo "2347"]
[PlyCount "26"]
[EventDate "2002.02.08"]

1. d4 Nf6 2. c4 g6 3. Nf3 Bg7 4. g3 O-O 5. Bg2 d5 6. O-O c6 7. cxd5 cxd5 8. Nc3
Nc6 9. Ne5 Bf5 10. Bf4 Rc8 11. Rc1 Qa5 12. Qd2 Rfd8 13. a3 a6 1/2-1/2

[Event "CZE Junior Championship"]
[Site "Kunzak"]
[Date "2002.02.18"]
[Round "11"]
[White "Vaculik, Martin"]
[Black "Ciprys, Martin"]
[Result "1/2-1/2"]
[WhiteElo "2234"]
[BlackElo "2111"]
[PlyCount "44"]
[EventDate "2002.02.08"]

1. e4 c5 2. Nf3 Nc6 3. d4 cxd4 4. Nxd4 Nf6 5. Nc3 e5 6. Ndb5 d6 7. a4 h6 8. Bc4
Be7 9. O-O a6 10. Na3 O-O 11. Qd3 b6 12. Nd5 Nxd5 13. Bxd5 Nb4 14. Qb3 Nxd5 15.
exd5 Rb8 16. Nc4 Bd7 17. Be3 b5 18. axb5 Bxb5 19. Rfb1 Qc7 20. Nd2 Be2 21. Qa4
f5 22. f3 Bb5 1/2-1/2

[Event "CZE Junior Championship"]
[Site "Kunzak"]
[Date "2002.02.18"]
[Round "11"]
[White "Laznicka, Viktor"]
[Black "Jirka, Jiri"]
[Result "1/2-1/2"]
[WhiteElo "2164"]
[BlackElo "2339"]
[PlyCount "50"]
[EventDate "2002.02.08"]

1. e4 e5 2. Nf3 Nc6 3. Bb5 Nd4 4. Nxd4 exd4 5. O-O Bc5 6. d3 c6 7. Bc4 d5 8.
exd5 cxd5 9. Bb3 Ne7 10. Bg5 O-O 11. Nd2 Kh8 12. Re1 f6 13. Bf4 Bf5 14. h3 Qd7
15. Nf1 a5 16. a4 Ra6 17. Ng3 Be6 18. Ne2 Ng6 19. Bg3 Rd8 20. Nf4 Nxf4 21. Bxf4
Bb4 22. Bd2 Bd6 23. Qf3 Bf7 24. Re2 Kg8 25. Rae1 Kf8 1/2-1/2